000 00525nam a2200217Ia 4500
003 OSt
005 20220924143541.0
006 a|||||r|||| 00| 0
007 ta
008 220923b |||||||| |||| 00| 0 urd d
024 _a308922
037 _cTextual
040 _aARTS
_cARTS
_burd
041 _2urd
_aurd
082 _aO152,1x, 168G6
245 0 _aMajmu e dilpasand
260 _c1936
650 _aHINDI LITERATURE
_923866
942 _hO152,1x, 168G6
_cTEXL
_2CC
999 _c454955
_d454955